Discurso pronunciado por su Excelencia el Doctor Rafael Leónidas Trujillo Molina, presidente de la República, al inaugurar el IV Congreso Médico Dominicano en la ciudad de Santiago de los Caballeros, 30 de marzo de 1946 (Record no. 146826)

MARC details
000 -LEADER
campo de control de longitud fija 00859nam a2200193 i 4500
001 - NÚMERO DE CONTROL
campo de control 146826
003 - IDENTIFICADOR DE NÚMERO DE CONTROL
campo de control ES-MaACL
005 - FECHA Y HORA DE LA ÚLTIMA TRANSACCIÓN
campo de control 20230906201701.0
007 - CAMPO FIJO DE DESCRIPCIÓN FÍSICA--INFORMACIÓN GENERAL
campo de control de longitud fija t|
008 - DATOS DE LONGITUD FIJA--INFORMACIÓN GENERAL
campo de control de longitud fija 070918s1946 dr ||||1| spa d
100 1# - ENTRADA PRINCIPAL--NOMBRE DE PERSONA
Nombre de persona Trujillo Molina, Rafael Leónidas.
9 (RLIN) 111579
245 10 - MENCIÓN DEL TÍTULO
Título Discurso pronunciado por su Excelencia el Doctor Rafael Leónidas Trujillo Molina, presidente de la República, al inaugurar el IV Congreso Médico Dominicano en la ciudad de Santiago de los Caballeros, 30 de marzo de 1946
Resto del título : [progreso sanitario conseguido durante mi presidencia].
260 ## - PUBLICACIÓN, DISTRIBUCIÓN, ETC.
Lugar de publicación, distribución, etc. Ciudad Trujillo :
Nombre del editor, distribuidor, etc. Luis Sánchez Andújar,
Fecha de publicación, distribución, etc. 1946.
300 ## - DESCRIPCIÓN FÍSICA
Extensión 18 p. ;
Dimensiones 21 cm.
500 ## - NOTA GENERAL
Nota general Precede al tít: República Dominicana.
500 ## - NOTA GENERAL
Nota general Retr. del autor.
651 #4 - PUNTO DE ACCESO ADICIONAL DE MATERIA--NOMBRE GEOGRÁFICO
Nombre geográfico República Dominicana-
Subdivisión general Política y gobierno-
Subdivisión cronológica 1930-1961.
9 (RLIN) 169290
852 ## - LOCALIZACIÓN
Ubicación ES-MaACL
Número de control de estantería 1867-F-3
Holdings
Estatus retirado Estado de pérdida Estado de daño No para préstamo Colección Biblioteca de origen Biblioteca actual Ubicación en estantería Fecha de adquisición Fuente de adquisición Total de préstamos Signatura topográfica completa Código de barras Visto por última vez Precio de reemplazo Tipo de ítem Koha
        Colección de folletos Biblioteca del Ateneo de Madrid Biblioteca del Ateneo de Madrid Depósito folletos 17/01/2008     1867-F-3 1153237 23/02/2023 23/02/2023 Folleto